|
|
|
|
| LEADER |
01273nam a22002417a 4500 |
| 001 |
10382 |
| 003 |
BD-DhAAL |
| 005 |
20160823112044.0 |
| 008 |
160823s1997 bg ||||| |||| 00| 0 ben d |
| 020 |
|
|
|a 8172156731
|
| 040 |
|
|
|a BD-DhAAL
|c BD-DhAAL
|
| 082 |
|
|
|2 23
|a 891.44
|
| 100 |
|
|
|a ডাইসন, কেতকী কুশারী
|9 20384
|
| 245 |
|
|
|a রঙের রবীন্দ্রনাথ :
|b রবীন্দ্রনাথের সাহিত্যে ও চিত্রকলায় রঙের ব্যবহার /
|c কেতকী কুশারী ডাইসন, সুশোভন অধিকারী
|
| 260 |
|
|
|a কলকাতা :
|b আনন্দ পাবলিশার্স প্রাইভেট লিমিটেড,
|c ১৯৯৭
|
| 300 |
|
|
|a একুশ, ৮০২ পৃষ্ঠা :
|c ২৭ সে. মি.
|
| 541 |
|
|
|e 10382
|
| 600 |
|
|
|a Tagore, Rabindranath, 1861-1941
|x Criticism and interpretation
|9 20385
|
| 700 |
|
|
|a অধিকারী, সুশোভন
|9 20386
|
| 852 |
|
|
|a Ayesha Abed Library
|c General Stacks
|
| 942 |
|
|
|2 ddc
|c BK
|
| 999 |
|
|
|c 37765
|d 37765
|
| 952 |
|
|
|0 0
|1 0
|2 ddc
|4 0
|6 891_440000000000000_DYS
|7 0
|9 59561
|a BRACUL
|b BRACUL
|c GEN
|d 2016-08-23
|l 0
|o 891.44 DYS
|p 3010010382
|r 2016-08-23
|t 1
|w 2016-08-23
|y BK
|